Statistics for Countries with most Immigration / Emigration

Click here to take the quiz!

General Stats

  • This quiz has been taken 2,090 times
  • The average score is 26 of 40

Answer Stats

HintAnswer% Correct
4,954,924United States of America
99%
1,020,211United Kingdom
97%
-1,884,102China
95%
500,001France
94%
550,001Germany
94%
1,098,444Canada
93%
-2,999,998India
92%
1,135,737Russia
92%
-1,805,238Mexico
91%
2,250,005Spain
90%
1,124,639Australia
88%
-499,999Brazil
88%
1,998,926Italy
88%
-1,999,998Pakistan
83%
-1,293,089Indonesia
76%
700,001South Africa
75%
-346,922Egypt
74%
-2,908,015Bangladesh
71%
-300,000Nigeria
71%
1,055,517Saudi Arabia
70%
-430,692Vietnam
70%
492,252Thailand
66%
3,076,634United Arab Emirates
66%
-381,030Afghanistan
61%
273,635Israel
60%
-1,233,365Philippines
58%
857,090Qatar
55%
-675,000Morocco
51%
-300,000Somalia
51%
-500,000Myanmar
49%
277,629Kuwait
46%
-724,999Peru
46%
721,738Singapore
45%
447,856Bahrain
42%
-300,000Tanzania
29%
-900,000Zimbabwe
22%
-518,486Uzbekistan
18%
-360,000Ivory Coast
14%
300,000Liberia
10%
370,000Burundi
7%

Score Distribution

Percentile by Number Answered

Percent of People with Each Score

Your Score History

You have not taken this quiz